00438nam a2200157Ia 4500008004100000040001900041041001200060082001700072100002800089245003700117260004200154300002400196440002400220650001300244850002300257131103s9999 xx 000 0 und d aLoreto College aEnglish aCHBKb#NAME? aMukherjee, Mohini Mohan aRamayanacMohini Mohan Mukherjee aLondonbOxford University Pressc1956 a54p.b ill.c 24cm. aYoung India readers aCHBK - 1 aLCBED/CHBK - 1/YOU